000 00980cam a2200301I 4500
001 3498
003 BD-RjUL
005 20211208233735.0
008 131219t1958 cn a b 001 0 eng c
035 _a(BD-RjUL)3532
035 _a(OCoLC)00873073
040 _aRochester. Univ. Libr.
_cDLM
_dSER
_dUKM
_dOCL
_dMYG
_dBD-RjUL
_beng
041 _aeng
082 0 0 _a332.4971
_216
_bMCC 1958
090 _aHG185.C2
_bM3x 1958
100 1 _aMcIvor, R. Craig
_q(Russell Craig),
_d1915-
_911026
245 1 0 _aCanadian monetary, banking, and fiscal development /
_cR. Craig Mcivor.
260 _aToronto :
_bMacmillan Co. of Canada,
_cc1958.
300 _axix, 263 p. :
_bill. ;
_c24 cm.
504 _aBibliographical reference and index.
650 0 _aFinance
_zCanada
_xHistory.
_911027
650 0 _aBanks and banking
_zCanada
_xHistory.
_911028
650 0 _aCurrency question
_zCanada.
_911029
942 _2ddc
_cBK
946 _at
949 _ac
_p39080021815565
999 _c3498
_d3498